| 000 | 00395nam a2200157Ia 4500 | ||
|---|---|---|---|
| 008 | 230711s9999||||xx |||||||||||||| ||und|| | ||
| 041 | _aENG | ||
| 082 |
_a624 _b233 |
||
| 100 | _aLam,Siew Wah | ||
| 245 | 0 | _aISO 9000 in construction | |
| 250 | _a1st Ed. | ||
| 260 |
_c1994 _aNew Delhi _bTata McGraw Hill Education Limited |
||
| 650 | _aCivil Engineering | ||
| 700 | _aLow,Chin Min | ||
| 942 | _cBK | ||
| 999 |
_c3344 _d3344 |
||